000
00344nam a22001457a 4500
020
_a
978-0-08-101907-8
041
_a
ENG
100
_a
Fellows .P.J
245
_a
Food Processing Technology Principles and Practice
250
_a
Fourth Edition
260
_a
Uk
_b
Woodhead PUB
_c
2017
300
_a
1128
650
_a
APE
856
_u
APE ( 03 )
999
_c
190
_d
190